000 00409nam a2200145 i 4500
001 50033
003 ES-MaACL
005 20230906162115.0
007 t|
008 030729s1964 ag ||||1| spa d
245 0 4 _aLos crímenes de Munich
_b: 1957-1959.
260 _aBuenos Aires :
_bInstituto Informativo Editorial Ucraniano,
_c1964.
300 _a29 p. ;
_c23 cm.
852 _aES-MaACL
_j2040-F-28
_bR.55407
999 _c50033
_d50033